Word Ladder: Church Hours Quiz Stats

 Plays Quiz Updated Dec 7, 2012

Support Sporcle.
Go Orange.
Score 0/14 Timer 02:00
0 Plays Today
Clue 4-Letter Word % Correct
Temporarily give someone somethingLEND
97.4%
A camping enclosureTENT
96.9%
'One if by ___ and two if by sea'LAND
96.8%
Take care of a gardenTEND
96.2%
Breathe like a dogPANT
95.6%
Transmitted an emailSENT
95.5%
Desire or craveWANT
94.6%
Clue 4-Letter Word % Correct
'She ___ that a-way'WENT
93.9%
A portion of a larger windowPANE
92%
The writing in a bookTEXT
87.5%
The 4th canonical church hour
OR a word meaning to send a racy phone message
⌚ SEXT ⌚
85.3%
Corn breadPONE
75.2%
The 5th canonical church hour
OR a word meaning zero
⌚ NONE ⌚
75.2%
With matins, the 1st canonical church hour
OR a word meaning to praise
⌚ LAUD ⌚
54.1%

Today's Daily Dose

You're not logged in!

Compare scores with friends on all Sporcle quizzes.
OR
Log In
Forgot?

From the Vault

NFL Receiving Leaders by Yardage (2016-2020)

by whodeyreds90

Give it a try—you might just catch yourself having fun.
Remove Ads.
Support Sporcle.
Get the best of Sporcle when you Go Orange. This ad-free experience offers more features, more stats, and more fun while also helping to support Sporcle. Thank you for becoming a member.

Show Comments

Extras

Top Quizzes Today


Score Distribution

Your Account Isn't Verified!

In order to create a playlist on Sporcle, you need to verify the email address you used during registration. Go to your Sporcle Settings to finish the process.

Report this User

Report this user for behavior that violates our Community Guidelines.

Details: